000 01090cab a2200265 4500
001 ABS58899
008 090401t1998 xxu||||| |||| 00| 0 eng d
035 _a(Sirsi) u86917
041 _aeng
100 _aWhite, I.
245 _aInternational conveyancing: home and away
260 _c1998
350 _a0
490 _aThe Valuer
_v67(3) May/June 1998, 6-7(2)
520 _aCompares the housebuying process in England and Wales, with Australia, Canada, Denmark, France, Hong Kong, the Netherlands, Portugal, South Africa, Sweden and the USA. Investigates use of conditional contracts, disclosure requirements, use of estate agents and lawyers, costs, and the land registration systems.
650 _aCONDITIONAL CONTRACTS
650 _aCOOLING OFF PERIOD
650 _aGAZUMPING
650 _aPROPERTY-RESIDENTIAL PROPERTY-ACQUISITION AND DISPOSAL OF RESIDENTIAL PROPERTY
650 _aPRE-PRINTED CONTRACT FORMS
650 _aSUBJECT TO CONTRACT AGREEMENTS
690 _aPROPERTY-RESIDENTIAL PROPERTY-RESIDENTIAL PROPERTY MARKET
942 _n0
948 _c19/06/1998
999 _c54737
_d54737